| 000 | 00698nam a2200241 a 4500 | ||
|---|---|---|---|
| 001 | 67824 | ||
| 003 | BD-RjUL | ||
| 005 | 20211209081710.0 | ||
| 008 | 170329s1977 iluad||| |||| 000 0 eng d | ||
| 035 | _a(BD-RjUL)68033 | ||
| 040 |
_aBD-RjUL _beng _cBD-RjUL |
||
| 041 | _aeng | ||
| 082 |
_223 _a150.8 _bZIP 1977 |
||
| 100 | 1 |
_aZimbardo, Philip G _9201070 |
|
| 245 | 1 | 0 |
_aPsychology for our times / _cPhilip G Zimbardo; Christina Maslach. |
| 250 | _a2nd ed. | ||
| 260 |
_aGlenview, Illinois : _bScott, Foresman and Company, _c1977. |
||
| 300 |
_a424 p. : _bil. ; _c26 cm. |
||
| 490 | _aReadings. | ||
| 650 |
_aBehavior (Psychology) _9201071 |
||
| 830 |
_aReadings. _9201073 |
||
| 942 |
_2ddc _cBK |
||
| 999 |
_c67824 _d67824 |
||